Confessions of an actor: the autobiography of the greatest actor of our times

保存先:
書誌詳細
第一著者: Olivier, Laurence
フォーマット: 図書
言語:Undetermined
出版事項: Great Britain Coronet Books 1984
主題:
タグ: タグ追加
タグなし, このレコードへの初めてのタグを付けませんか!

MARC

LEADER 00000nam a2200000Ia 4500
008 170316s9999 xx 000 0 und d
040 |a cru BVZT 
090 |a B-820 O-1c 
100 |a Olivier, Laurence 
245 |a Confessions of an actor: the autobiography of the greatest actor of our times 
260 |a Great Britain 
260 |b Coronet Books 
260 |c 1984 
300 |a 384 páginas 
650 |a LITERATURA INGLESA 
650 |a BIOGRAFÍA 
999 |c 12701  |d 12701 
942 |c 15 D  |h B-820 O-1c  |2 z